| 000 | 00671nam a22001697a 4500 | ||
|---|---|---|---|
| 005 | 20250212154806.0 | ||
| 008 | 250212b |||||||| |||| 00| 0 eng d | ||
| 082 |
_22024 _aUT |
||
| 100 |
_aConoman, Brander Roy P. _965142 |
||
| 245 |
_aFinancial literacy of selected 4ps mothers of Barangay San Miguel Digos: Basis for financial orientation / _cBrander Roy P. Comonan, Lovely Macias, and Shera Marie D. Te |
||
| 260 |
_aDicos City : _bUMDC, _c©June 2024. |
||
| 300 |
_aviii, 51 pages : _billustration (some colors) ; _c29 cm. |
||
| 500 | _aIncludes references and appendices. | ||
| 700 |
_aMacias, Lovely _965143 |
||
| 700 |
_aTe, Shera Marie D. _965144 |
||
| 942 |
_2ddc _cUT |
||
| 999 |
_c23408 _d23408 |
||